Starter Pokemon - All Used Types - Statistics

General Stats
  • This quiz has been taken 53 times
  • The average score is 9 of 12
Answers on the Grid
Answers color-coded by a green-red scale on the quiz's grid according to % correct below.
Normal
Grass
Fire
Water
Ice
Electric
Poison
Rock
Ground
Flying
Fighting
Psychic
Dark
Ghost
Bug
Dragon
Fairy
Steel
 
Answer Stats
Answer % Correct
Fire
88%
Water
88%
Grass
86%
Fighting
81%
Flying
79%
Ghost
74%
Poison
74%
Dark
71%
Ground
71%
Fairy
69%
Psychic
69%
Steel
62%
No matching quizzes found
Score Distribution
Percent of People with Each Score
Percentile by Number Answered
Your Score History
You have not taken this quiz